| 000 | 00658cab a2200229 4500 | ||
|---|---|---|---|
| 001 | ABS48551 | ||
| 008 | 090401t1993 xxu||||| |||| 00| 0 eng d | ||
| 035 | _a(Sirsi) u67326 | ||
| 041 | _aeng | ||
| 100 | _aTillyer, B. | ||
| 245 | _aConditions necessary for upgrading existing industrial ground floor surfaces | ||
| 260 | _c1993 | ||
| 350 | _a0 | ||
| 490 |
_aStructural Survey _v11(4) Spring 1993, 378-387(10) |
||
| 520 | _aOutlines the role that resins play in upgrading concrete floors. | ||
| 650 | _aCONCRETE | ||
| 650 | _aFLOORING | ||
| 650 | _aRESINS | ||
| 690 | _aBUILT ENVIRONMENT-BUILDING MATERIALS | ||
| 942 | _n0 | ||
| 948 | _c04/03/1997 | ||
| 999 |
_c42135 _d42135 |
||